<?xml version="1.0" encoding="UTF-8"?>
<record
    xmlns:xsi="http://www.w3.org/2001/XMLSchema-instance"
    xsi:schemaLocation="http://www.loc.gov/MARC21/slim http://www.loc.gov/standards/marcxml/schema/MARC21slim.xsd"
    xmlns="http://www.loc.gov/MARC21/slim">

  <leader>00182nam a2200085   4500</leader>
  <controlfield tag="001">1233782</controlfield>
  <controlfield tag="005">20250925123959.0</controlfield>
  <datafield tag="245" ind1=" " ind2=" ">
    <subfield code="a">BA&#x15E;ARI OKULU </subfield>
    <subfield code="c">&#xD6;ZG&#xDC;R GEZ </subfield>
  </datafield>
  <datafield tag="260" ind1=" " ind2=" ">
    <subfield code="b">ATLI KARINCA</subfield>
  </datafield>
  <datafield tag="999" ind1=" " ind2=" ">
    <subfield code="c">1233782</subfield>
    <subfield code="d">1233782</subfield>
  </datafield>
</record>
